[Event "9th Sunway Sitges 2022"]
[Site "Sitges ESP"]
[Date "2022.12.12"]
[Round "1.72"]
[White "Dietrich, Peter"]
[Black "Bilych, Olexiy"]
[Result "0-1"]
[BlackTitle "FM"]
[WhiteElo "2015"]
[BlackElo "2401"]
[WhiteFideId "1674897"]
[BlackFideId "14156504"]
[EventDate "2022.12.12"]

1. e4 e5 2. Nf3 Nc6 3. Bb5 a6 4. Ba4 Nge7 5. O-O Ng6 6. c3 d5 7. exd5 Qxd5 8. d4
Bg4 9. Bb3 Qd7 10. dxe5 Bxf3 11. Qxf3 Ngxe5 12. Qd1 O-O-O 13. Qxd7+ Rxd7 14. Nd2
Bc5 15. Ne4 Ba7 16. Re1 Nd3 17. Re2 Re7 18. Kf1 Rhe8 19. Bc2 Nxf2 20. Rxf2 Bxf2
21. Kxf2 Rxe4 22. Bxe4 Rxe4 23. b3 Ne5 24. Ba3 Ng4+ 25. Kf3 f5 26. h3 Ne5+ 27.
Kf2 Nd3+ 28. Kf1 g5 29. Rd1 Re3 30. Bc1 Nxc1 31. Rxc1 Kd7 32. Kf2 f4 33. c4 Ke6
34. Rd1 Rc3 35. Rd2 h5 36. Rd5 g4 37. Rxh5 Rc2+ 38. Kf1 g3 39. a4 Rf2+ 40. Kg1
Rb2 41. Kf1 Rxb3 42. Rc5 c6 43. Ke2 Re3+ 44. Kf1 Ra3 45. a5 Ra2 46. h4 Kf6 47.
h5 Rf2+ 48. Kg1 Re2 49. Kf1 Re4 50. h6 Kg6 51. h7 Kxh7 52. Rf5 Kg6 0-1

[Event "9th Sunway Sitges 2022"]
[Site "Sitges ESP"]
[Date "2022.12.12"]
[Round "1.73"]
[White "Tahay, Alexis"]
[Black "Perez Garcia, Jimena"]
[Result "1-0"]
[WhiteTitle "IM"]
[WhiteElo "2400"]
[BlackElo "2014"]
[WhiteFideId "26090961"]
[BlackFideId "24517127"]
[EventDate "2022.12.12"]

1. e4 c5 2. Nf3 d6 3. d4 cxd4 4. Qxd4 Nc6 5. Qe3 g6 6. Be2 Bg7 7. O-O Nf6 8. h3
O-O 9. Rd1 Qc7 10. Nc3 a6 11. Rb1 b5 12. b3 Bb7 13. Bb2 e6 14. Qf4 Ne5 15. a3
Nh5 16. Qe3 Rac8 17. Nd4 Rfd8 18. Bxh5 gxh5 19. f4 Nc6 20. Nde2 Ne7 21. Qg3 Ng6
22. f5 Qc5+ 23. Qf2 exf5 24. exf5 Nh4 25. Nd4 Bxd4 26. Rxd4 Nxf5 27. Rf4 Qxf2+
28. Kxf2 Ng7 29. Rd1 Rc5 30. Rd2 Ne6 31. Ne4 Bxe4 32. Rxe4 Rdc8 33. c3 Rf5+ 34.
Kg3 Nc5 35. Rf4 Rg5+ 36. Kh4 Nxb3 37. Rdf2 Rg6 38. Rxf7 Rc4+ 39. Kxh5 Rc5+ 40.
Kh4 Rc4+ 41. g4 Nc5 42. Rf8+ 1-0

[Event "9th Sunway Sitges 2022"]
[Site "Sitges ESP"]
[Date "2022.12.12"]
[Round "1.74"]
[White "Ramos Aguilar, Jose Manuel"]
[Black "Abdurakhmonov, Mukhammadali"]
[Result "0-1"]
[BlackTitle "IM"]
[WhiteElo "2008"]
[BlackElo "2397"]
[WhiteFideId "2221390"]
[BlackFideId "14207346"]
[EventDate "2022.12.12"]

1. c4 e6 2. Nf3 Nf6 3. b3 d5 4. Bb2 Be7 5. g3 dxc4 6. bxc4 b6 7. Bg2 Bb7 8. O-O
O-O 9. Nc3 c5 10. d3 Nfd7 11. Qd2 Nc6 12. Rad1 Rc8 13. Qc1 Qc7 14. Ne4 Rfe8 15.
Qa1 Bf8 16. Rd2 Qb8 17. Rb1 Qa8 18. Bc3 f5 19. Neg5 h6 20. Nh3 g5 21. Ne1 e5 22.
f3 Nd4 23. e4 g4 24. Nf2 h5 25. fxg4 fxg4 26. Rdb2 Rc6 27. Bd2 Rg6 28. Be3 Qd8
29. Nd1 Nb8 30. Rf2 h4 31. Nc3 Nbc6 32. Nd5 Bc8 33. Rbb2 Ne6 34. Rf5 Ncd4 35.
Rbf2 Bg7 36. Qd1 Ng5 37. Bxg5 Rxg5 38. Nf6+ Bxf6 39. Rxf6 Rg7 40. gxh4 Nf3+ 41.
Nxf3 Qxf6 42. Ng5 Qh6 43. Qe1 Rd8 44. Bf1 Qd6 45. Rg2 Rf8 46. Be2 Rf4 0-1

[Event "9th Sunway Sitges 2022"]
[Site "Sitges ESP"]
[Date "2022.12.12"]
[Round "1.75"]
[White "Bournel, Antoine"]
[Black "Perez Aleman, Pedro Tomas"]
[Result "1-0"]
[WhiteTitle "IM"]
[WhiteElo "2392"]
[BlackElo "1996"]
[WhiteFideId "26093553"]
[BlackFideId "2201038"]
[EventDate "2022.12.12"]

1. d4 d5 2. c4 dxc4 3. e3 e5 4. Bxc4 exd4 5. exd4 Nf6 6. Qb3 Qe7+ 7. Ne2 Qb4+ 8.
Nbc3 Qxb3 9. Bxb3 Bd6 10. O-O c6 11. Bf4 Bxf4 12. Nxf4 O-O 13. Rfe1 Re8 14. f3
a5 15. g4 g5 16. Nd3 Nbd7 17. Kf2 Nb6 18. Rxe8+ Nxe8 19. Re1 Kf8 20. a3 Nc7 21.
Nc5 h6 22. N3e4 Nbd5 23. Nd6 b6 24. Bxd5 cxd5 25. Nxc8 Rxc8 26. Nd7+ Kg7 27. Rc1
b5 28. Rc6 b4 29. a4 b3 30. Nc5 Kf8 31. Na6 Nxa6 32. Rxc8+ Kg7 33. Ke2 Nb4 34.
Rc5 Nc2 35. Rxd5 Kg6 36. Rxa5 Nxd4+ 37. Kf2 1-0

[Event "9th Sunway Sitges 2022"]
[Site "Sitges ESP"]
[Date "2022.12.12"]
[Round "1.76"]
[White "Ankitha, Goud Palle"]
[Black "Dionisi, Thomas"]
[Result "0-1"]
[WhiteTitle "WCM"]
[BlackTitle "IM"]
[WhiteElo "1980"]
[BlackElo "2390"]
[WhiteFideId "35036270"]
[BlackFideId "651893"]
[EventDate "2022.12.12"]

1. d4 Nf6 2. c4 e6 3. Nf3 b6 4. g3 Bb7 5. Bg2 Be7 6. O-O O-O 7. Nc3 Ne4 8. Qc2
Nxc3 9. Qxc3 a5 10. a3 a4 11. Bf4 d6 12. Rfe1 f5 13. Rad1 Bf6 14. Qc1 Na6 15. h4
Qe7 16. Qc2 Qe8 17. Qc1 h6 18. Qe3 Be4 19. g4 e5 20. dxe5 dxe5 21. Bh2 Bxf3 22.
Qxf3 e4 23. Qxf5 Bxh4 24. Qd5+ Kh8 25. Rf1 Nc5 26. Bxc7 Qg6 27. Qh5 Qf6 28. Bd6
Rfe8 29. Bxc5 bxc5 30. Qxc5 Rac8 31. Qb5 Rb8 32. Qxa4 Qf4 33. Qd7 Rf8 34. e3
Bxf2+ 35. Rxf2 Qxf2+ 36. Kh1 Rxb2 37. Rg1 Qh4+ 38. Bh3 Qxh3# 0-1

[Event "9th Sunway Sitges 2022"]
[Site "Sitges ESP"]
[Date "2022.12.12"]
[Round "1.77"]
[White "Salimova, Nurgyul"]
[Black "Renganayaki Venkatesh"]
[Result "1-0"]
[WhiteTitle "IM"]
[WhiteElo "2390"]
[BlackElo "1978"]
[WhiteFideId "2915138"]
[BlackFideId "25705407"]
[EventDate "2022.12.12"]

1. d4 d5 2. Nc3 Nf6 3. Bf4 Bf5 4. f3 e6 5. g4 Bg6 6. h4 h5 7. g5 Ng8 8. e3 a6 9.
Bd3 Bxd3 10. Qxd3 Ne7 11. Nge2 Ng6 12. Bg3 Bd6 13. O-O-O Bxg3 14. Nxg3 Qd6 15.
f4 Ne7 16. Rhf1 g6 17. e4 Nd7 18. f5 exf5 19. exf5 O-O-O 20. Nce2 f6 21. Nf4
fxg5 22. hxg5 gxf5 23. Rde1 Nb6 24. Re6 Qd7 25. Rfe1 Rhe8 26. Qe2 Qa4 27. Rxe7
Rxe7 28. Qxe7 Qxa2 29. Qa3 Qc4 30. Nxf5 h4 31. g6 Kb8 32. g7 Nd7 33. Qe7 1-0

[Event "9th Sunway Sitges 2022"]
[Site "Sitges ESP"]
[Date "2022.12.12"]
[Round "1.78"]
[White "Bland, David I"]
[Black "Sattarov, Bobir"]
[Result "0-1"]
[BlackTitle "IM"]
[WhiteElo "1974"]
[BlackElo "2389"]
[WhiteFideId "412244"]
[BlackFideId "14203081"]
[EventDate "2022.12.12"]

1. d4 Nf6 2. Nf3 d5 3. e3 Bf5 4. c4 e6 5. Nc3 c6 6. Qb3 Qb6 7. c5 Qc7 8. Be2
Nbd7 9. Nh4 Bg6 10. Nxg6 hxg6 11. g3 b6 12. cxb6 axb6 13. Bd2 Be7 14. Rc1 O-O
15. Bf3 Qa7 16. a3 Rfc8 17. O-O b5 18. Ne2 Nb6 19. Bb4 Nc4 20. Rfd1 g5 21. Rc2
g6 22. Nc1 Kg7 23. Nd3 Rh8 24. Ne5 Rac8 25. Bxe7 Qxe7 26. Qc3 Rh7 27. b4 Rch8
28. Nxc6 Qe8 29. Ne5 Rxh2 30. Kf1 Qg8 31. Nxc4 bxc4 32. Ke2 g4 33. Bxd5 exd5 0-1

[Event "9th Sunway Sitges 2022"]
[Site "Sitges ESP"]
[Date "2022.12.12"]
[Round "1.79"]
[White "Carbonell Sancho, Marc"]
[Black "Saveljevs, Aleksandrs"]
[Result "1-0"]
[WhiteTitle "FM"]
[WhiteElo "2384"]
[BlackElo "1974"]
[WhiteFideId "32029969"]
[BlackFideId "11601779"]
[EventDate "2022.12.12"]

1. e4 c5 2. Nf3 Nc6 3. d4 cxd4 4. Nxd4 g6 5. c4 Bg7 6. Be3 Nf6 7. Nc3 O-O 8. Be2
d6 9. O-O Bd7 10. Qd2 Nxd4 11. Bxd4 Bc6 12. f3 a5 13. b3 Nd7 14. Be3 Nc5 15.
Rab1 Qb6 16. Rfc1 Qb4 17. Rc2 Bxc3 18. Qxc3 Qxc3 19. Rxc3 Rfc8 20. Rc2 Kf8 21.
Kf2 e5 22. Bg5 Nxe4+ 23. fxe4 Bxe4 24. Rbc1 Bxc2 25. Rxc2 f5 26. Rd2 Rc6 27. Bf3
e4 28. Be2 Kf7 29. Rd5 Ke6 30. Rb5 b6 31. g4 Rb8 32. Be3 Rc5 33. Bxc5 dxc5 34.
a3 Ke5 35. b4 axb4 36. axb4 Rc8 37. Rxb6 cxb4 38. Rxb4 fxg4 39. Ke3 h5 40. Rb5+
Kd6 41. Rb6+ Rc6 42. Rxc6+ Kxc6 43. Kxe4 Kc5 44. Kd3 g5 45. Kc3 g3 46. hxg3 h4
47. g4 h3 48. Bf3 1-0

[Event "9th Sunway Sitges 2022"]
[Site "Sitges ESP"]
[Date "2022.12.12"]
[Round "1.80"]
[White "Chia, Yu Zhe Ashton"]
[Black "Rendle, Thomas E"]
[Result "0-1"]
[BlackTitle "IM"]
[WhiteElo "1970"]
[BlackElo "2381"]
[WhiteFideId "5821304"]
[BlackFideId "408760"]
[EventDate "2022.12.12"]

1. e4 e6 2. d4 d5 3. Nc3 Be7 4. Nf3 Nf6 5. Bd3 c5 6. exd5 exd5 7. dxc5 O-O 8. h3
Nbd7 9. O-O Nxc5 10. Bg5 Be6 11. Nd4 h6 12. Bh4 Qb6 13. Rb1 Rac8 14. Nf5 Bd8 15.
Qf3 Nxd3 16. cxd3 Bxf5 17. Qxf5 Qe6 18. Qxe6 fxe6 19. Rfe1 Rc6 20. Re2 Bb6 21.
Bg3 Nh5 22. Be5 Nf4 23. Rd2 Ng6 24. Bg3 h5 25. h4 Bd8 26. Nb5 Nxh4 27. Nd4 Ra6
28. Re2 Nf5 29. Nxe6 Re8 30. Nd4 Rxe2 31. Nxe2 Rxa2 32. Be5 Ra6 33. Nf4 h4 34.
Nxd5 Ra5 0-1

[Event "9th Sunway Sitges 2022"]
[Site "Sitges ESP"]
[Date "2022.12.12"]
[Round "1.81"]
[White "Kanov, Nikola"]
[Black "Place, Nicholas"]
[Result "1-0"]
[WhiteTitle "FM"]
[WhiteElo "2377"]
[BlackElo "1967"]
[WhiteFideId "2928531"]
[BlackFideId "30969603"]
[EventDate "2022.12.12"]

1. e4 c6 2. d4 d5 3. Nc3 dxe4 4. Nxe4 Nd7 5. Nf3 Ngf6 6. Nxf6+ Nxf6 7. Ne5 Bf5
8. g4 Be6 9. Bg2 h5 10. g5 Nd7 11. Nd3 g6 12. O-O Bg7 13. c3 O-O 14. Re1 Bf5 15.
Bf4 e6 16. a4 a5 17. h4 Qb6 18. Ra3 Rfe8 19. Rb3 Qa6 20. Bf1 Qa7 21. Bg2 Qa6 22.
Bf1 Qa7 23. Ne5 Nxe5 24. Bxe5 Rad8 25. Bg2 Rd7 26. Bxg7 Kxg7 27. Re5 c5 28. d5
Red8 29. c4 exd5 30. cxd5 c4 31. Rbe3 Bd3 32. Qd2 Qd4 33. R3e4 Qb6 34. Qc3 f6
35. Re7+ Rxe7 36. Rxe7+ Kg8 37. gxf6 Qd6 38. f7+ Kf8 39. Re6 1-0

[Event "9th Sunway Sitges 2022"]
[Site "Sitges ESP"]
[Date "2022.12.12"]
[Round "1.82"]
[White "Hiren, K G"]
[Black "Jubin, Jimmy"]
[Result "1/2-1/2"]
[BlackTitle "FM"]
[WhiteElo "1965"]
[BlackElo "2376"]
[WhiteFideId "35053400"]
[BlackFideId "46686614"]
[EventDate "2022.12.12"]

1. e4 c6 2. d4 d5 3. exd5 cxd5 4. c4 Nf6 5. Nc3 Nc6 6. Nf3 Be6 7. c5 g6 8. Qb3
Qc8 9. Bf4 Bg7 10. Bb5 O-O 11. Bxc6 bxc6 12. h3 Nd7 13. O-O Nxc5 14. Qa3 Ne4 15.
Qxe7 Re8 16. Qa3 Bf8 17. Qa4 Bxh3 18. gxh3 Nxc3 19. bxc3 Qf5 20. Rfe1 Qxf4 21.
Rxe8 Rxe8 22. Qxc6 Rd8 23. Kg2 Qf5 24. Re1 Rc8 25. Qa4 Rxc3 26. Re3 Rxe3 27.
fxe3 Bd6 28. Qc6 Bf8 29. Qa4 Qe4 30. Kf2 Bh6 31. Qb3 Qe6 32. Qb8+ Bf8 33. Qxa7
Qxh3 34. Qxf7+ Kxf7 35. Ng5+ Kf6 36. Nxh3 g5 37. a4 Bb4 38. e4 dxe4 39. Ke3 Kf5
40. Nf2 g4 41. Nxe4 Be1 42. Nd6+ Kg5 43. Nf7+ Kh4 44. Ke2 Bc3 45. d5 g3 46. Kf3
Kh3 47. Ng5+ Kh2 48. Kg4 h5+ 49. Kxh5 g2 50. d6 Kg3 51. Ne4+ Kf3 52. Ng5+ 1/2-1/2

[Event "9th Sunway Sitges 2022"]
[Site "Sitges ESP"]
[Date "2022.12.12"]
[Round "1.83"]
[White "Wagh, Suyog"]
[Black "Kumar, Sanjit S"]
[Result "1-0"]
[WhiteTitle "FM"]
[WhiteElo "2376"]
[BlackElo "1965"]
[WhiteFideId "25071688"]
[BlackFideId "468142"]
[EventDate "2022.12.12"]

1. d4 d5 2. c4 c6 3. Nc3 Nf6 4. e3 e6 5. Nf3 Bd6 6. Qc2 Nbd7 7. Bd3 dxc4 8. Bxc4
b5 9. Be2 Bb7 10. O-O O-O 11. e4 e5 12. dxe5 Nxe5 13. Nh4 b4 14. Nf5 Bc7 15. Na4
Qe8 16. f4 Ng6 17. Bd3 Rd8 18. Kh1 h6 19. Bd2 a5 20. Rae1 Ne7 21. Ng3 Bc8 22.
Be3 Kh8 23. a3 bxa3 24. bxa3 Ng4 25. Bc1 Ng8 26. e5 Qe7 27. Nf5 Qd7 28. Be4 g6
29. Bb2 Kh7 30. Nd4 Qe7 31. h3 Nxe5 32. fxe5 Bxe5 33. Nxc6 1-0

[Event "9th Sunway Sitges 2022"]
[Site "Sitges ESP"]
[Date "2022.12.12"]
[Round "1.84"]
[White "Fernandez Climent, Albert"]
[Black "Song, Julien"]
[Result "0-1"]
[BlackTitle "IM"]
[WhiteElo "1963"]
[BlackElo "2369"]
[WhiteFideId "24599166"]
[BlackFideId "659487"]
[EventDate "2022.12.12"]

1. d4 Nf6 2. c4 e6 3. Nc3 Bb4 4. a3 Bxc3+ 5. bxc3 Nc6 6. f3 Na5 7. e4 b6 8. Bg5
h6 9. Bh4 d6 10. Bd3 g5 11. Bf2 Ba6 12. Qe2 Qe7 13. Nh3 O-O-O 14. O-O Kb8 15.
Rab1 e5 16. c5 Bxd3 17. Qxd3 dxc5 18. Qb5 Ka8 19. dxc5 Rb8 20. Qa6 Nd7 21. cxb6
cxb6 22. Bxb6 Nxb6 23. Qxa5 Rhc8 24. Rfc1 Rc6 25. Qa6 Qc7 26. a4 Qc8 27. Qd3
Nxa4 28. Rxb8+ Qxb8 29. Nf2 Nxc3 30. Ra1 Qb6 31. Ra6 Ne2+ 32. Kf1 Rc1+ 33. Nd1
Rxd1+ 34. Qxd1 Qxa6 35. Qd8+ Kb7 36. Qd7+ Kb6 37. Qd6+ Kb7 38. Qd7+ Kb6 39. Qd6+
Ka5 40. Qxe5+ Qb5 41. Qa1+ Kb4 42. Qb1+ Kc4 43. Qa2+ Kc3 44. Qa1+ Kd2 45. Qa2+
Ke3 46. Qa1 Nc3+ 47. Kg1 Qb1+ 0-1

[Event "9th Sunway Sitges 2022"]
[Site "Sitges ESP"]
[Date "2022.12.12"]
[Round "1.85"]
[White "Mathieu, Phileas"]
[Black "Zhang, Kendrick Botong"]
[Result "1-0"]
[WhiteTitle "FM"]
[BlackTitle "CM"]
[WhiteElo "2367"]
[BlackElo "1963"]
[WhiteFideId "36048410"]
[BlackFideId "4307704"]
[EventDate "2022.12.12"]

1. d4 Nf6 2. Nc3 d5 3. Bf4 g6 4. e3 Bg7 5. Nf3 O-O 6. h4 c6 7. Bd3 Bg4 8. Qd2
Nh5 9. Ne5 Nxf4 10. exf4 Be6 11. h5 Nd7 12. hxg6 fxg6 13. O-O-O Nxe5 14. fxe5
Bf5 15. Bxf5 Rxf5 16. f4 Qf8 17. Ne2 e6 18. g4 Rf7 19. Rh3 Rc8 20. Rdh1 Bh8 21.
Qd3 Rg7 22. Kb1 Rcc7 23. a3 b6 24. Rf1 Rgf7 25. Rhf3 Bg7 26. Ng3 Qe8 27. c3 c5
28. f5 Rf8 29. f6 Bh8 30. Ne2 c4 31. Qc2 b5 32. Rh1 a5 33. g5 b4 34. cxb4 axb4
35. axb4 Ra7 36. Nc3 Qa8 37. Kc1 Ra1+ 38. Nb1 Qa4 39. Rfh3 Qxc2+ 40. Kxc2 Rf7
41. Ra3 Ra7 42. Rhh3 h5 43. Rxa1 Rxa1 44. Ra3 Rxa3 45. bxa3 Kf7 46. Nd2 Ke8 47.
Nf3 1-0

[Event "9th Sunway Sitges 2022"]
[Site "Sitges ESP"]
[Date "2022.12.12"]
[Round "1.86"]
[White "Verbruggen, Samuel"]
[Black "Injac, Teodora"]
[Result "0-1"]
[BlackTitle "WGM"]
[WhiteElo "1963"]
[BlackElo "2365"]
[WhiteFideId "203181"]
[BlackFideId "932400"]
[EventDate "2022.12.12"]

1. e4 c5 2. Nf3 d6 3. d4 cxd4 4. Nxd4 Nf6 5. Nc3 Nc6 6. Bg5 e6 7. Qd2 a6 8. f3
Qa5 9. Nb3 Qc7 10. O-O-O Bd7 11. Be2 b5 12. a3 Ne5 13. Qd4 Rb8 14. g4 a5 15.
Bxf6 gxf6 16. f4 b4 17. fxe5 fxe5 18. Qc4 Qxc4 19. Bxc4 bxc3 20. Nxa5 Rxb2 21.
Rdf1 Bh6+ 22. Kd1 Ke7 23. Bb3 Bb5 24. Bc4 Rb8 25. Bxb5 R8xb5 26. Nb3 R5xb3 0-1

[Event "9th Sunway Sitges 2022"]
[Site "Sitges ESP"]
[Date "2022.12.12"]
[Round "1.87"]
[White "Valenzuela Gomez, Fernando"]
[Black "Pousada Garcia, Daniel"]
[Result "1-0"]
[WhiteTitle "IM"]
[WhiteElo "2361"]
[BlackElo "1960"]
[WhiteFideId "3409392"]
[BlackFideId "2278642"]
[EventDate "2022.12.12"]

1. d4 Nf6 2. Nf3 e6 3. c4 b6 4. g3 Bb7 5. Bg2 Be7 6. O-O c5 7. d5 exd5 8. Nh4
O-O 9. Nf5 d6 10. Nc3 Nbd7 11. cxd5 Ne5 12. f4 Ng6 13. e4 Qd7 14. g4 Rfd8 15. g5
Ne8 16. h4 a6 17. h5 Nf8 18. Na4 Rab8 19. Nxb6 Qc7 20. Nc4 Bc8 21. Bd2 Bxf5 22.
exf5 Qc8 23. Re1 Rd7 24. Na5 Rxb2 25. Nc6 Qb7 26. Bc3 Rxg2+ 27. Kxg2 Rc7 28. Rb1 1-0

[Event "9th Sunway Sitges 2022"]
[Site "Sitges ESP"]
[Date "2022.12.12"]
[Round "1.88"]
[White "Mompel Ferruz, Xavier"]
[Black "Nandhidhaa, P V"]
[Result "1-0"]
[BlackTitle "WGM"]
[WhiteElo "1953"]
[BlackElo "2358"]
[WhiteFideId "54585775"]
[BlackFideId "5050847"]
[EventDate "2022.12.12"]

1. e4 c5 2. Nf3 Nc6 3. d4 cxd4 4. Nxd4 e6 5. Nc3 Qc7 6. Be2 Nf6 7. Ndb5 Qb8 8.
f4 d6 9. Be3 Be7 10. Nd4 O-O 11. g4 Nxd4 12. Qxd4 e5 13. Qd1 d5 14. g5 Nxe4 15.
Nxd5 Bd6 16. Bd3 exf4 17. Bxe4 Re8 18. Bxh7+ Kxh7 19. Qh5+ Kg8 20. Nf6+ gxf6 21.
gxf6 Rxe3+ 22. Kf2 Qc7 23. Rag1+ Rg3 24. Qh8+ Kxh8 25. hxg3+ Kg8 26. gxf4+ 1-0

[Event "9th Sunway Sitges 2022"]
[Site "Sitges ESP"]
[Date "2022.12.12"]
[Round "1.89"]
[White "Garcia Molina, Jose"]
[Black "Altisen Palmada, Roberto"]
[Result "1-0"]
[WhiteTitle "FM"]
[WhiteElo "2357"]
[BlackElo "1948"]
[WhiteFideId "32030592"]
[BlackFideId "2208652"]
[EventDate "2022.12.12"]

1. d4 Nf6 2. c4 g6 3. Nc3 d5 4. cxd5 Nxd5 5. e4 Nxc3 6. bxc3 Bg7 7. Bc4 O-O 8.
Ne2 c5 9. O-O cxd4 10. cxd4 Nc6 11. Be3 Na5 12. Bd3 b6 13. Qd2 Re8 14. h4 e5 15.
Bg5 f6 16. Bh6 exd4 17. h5 Nc6 18. Bxg7 Kxg7 19. f4 Bg4 20. Ng3 Qe7 21. Rac1 Qb4
22. Qf2 Bd7 23. Qf3 Qd6 24. e5 fxe5 25. f5 gxf5 26. Bxf5 Kh8 27. Bxd7 e4 28.
Qf6+ 1-0

[Event "9th Sunway Sitges 2022"]
[Site "Sitges ESP"]
[Date "2022.12.12"]
[Round "1.90"]
[White "Kotmans, Rob"]
[Black "Fitzsimons, David"]
[Result "0-1"]
[BlackTitle "IM"]
[WhiteElo "1948"]
[BlackElo "2352"]
[WhiteFideId "1021494"]
[BlackFideId "2501961"]
[EventDate "2022.12.12"]

1. e4 c5 2. Nc3 Nc6 3. g3 g6 4. d3 Bg7 5. Be3 d6 6. Bg2 h5 7. h3 e5 8. f4 Nge7
9. Nf3 Nd4 10. Qd2 Nxf3+ 11. Bxf3 Be6 12. Nd1 Qd7 13. Nf2 exf4 14. gxf4 Bxb2 15.
Rb1 Bg7 16. d4 cxd4 17. Bxd4 O-O 18. Bxg7 Kxg7 19. e5 dxe5 20. Rxb7 Qxd2+ 21.
Kxd2 Rfd8+ 22. Nd3 Nf5 23. fxe5 Bxa2 24. Ra1 Be6 25. Raxa7 Rxa7 26. Rxa7 Nh4 27.
Ke3 Nxf3 28. Kxf3 Bxh3 29. Nf4 Bg4+ 30. Kg3 g5 31. Nh3 Kg6 32. Ra6+ Be6 33. Nf2
Rc8 34. Ne4 Rxc2 35. Kf3 Ra2 36. Rc6 Ra3+ 37. Nc3 Kf5 38. Rc5 h4 39. Kf2 g4 40.
Ne2 g3+ 41. Kg2 Kg4 0-1

[Event "9th Sunway Sitges 2022"]
[Site "Sitges ESP"]
[Date "2022.12.12"]
[Round "1.91"]
[White "Akbas, Umut Ata"]
[Black "Tudor, Henry Edward"]
[Result "1-0"]
[WhiteTitle "FM"]
[WhiteElo "2351"]
[BlackElo "1942"]
[WhiteFideId "44572646"]
[BlackFideId "2409836"]
[EventDate "2022.12.12"]

1. c4 c5 2. Nf3 Nf6 3. Nc3 e6 4. e4 d6 5. d4 cxd4 6. Nxd4 a6 7. g3 Qc7 8. Be3
Nbd7 9. Rc1 b6 10. Bg2 Bb7 11. O-O Be7 12. f4 h5 13. f5 Ng4 14. fxe6 O-O 15. Nd5
Qd8 16. Bf4 Nde5 17. h3 Nf6 18. exf7+ Rxf7 19. Ne6 Qd7 20. Ng5 Rff8 21. Bxe5
Nxd5 22. Qxh5 Bxg5 23. Qxg5 Nb4 24. Rfd1 Rfe8 25. Rxd6 Qc7 26. Bxg7 Qc5+ 27.
Qxc5 bxc5 28. Bc3 Bxe4 29. Bxe4 Rxe4 30. Bxb4 cxb4 31. c5 Kf7 32. c6 Ke7 33.
Rd7+ Ke6 34. Rd2 Rh8 35. c7 1-0

[Event "9th Sunway Sitges 2022"]
[Site "Sitges ESP"]
[Date "2022.12.12"]
[Round "1.92"]
[White "Gayon, Benoit"]
[Black "Nawin, J J"]
[Result "0-1"]
[BlackTitle "FM"]
[WhiteElo "1941"]
[BlackElo "2351"]
[WhiteFideId "632040"]
[BlackFideId "45031231"]
[EventDate "2022.12.12"]

1. e4 c5 2. Nf3 a6 3. d4 cxd4 4. Nxd4 Nf6 5. Nc3 e5 6. Nf3 d6 7. Be2 h6 8. O-O
Be6 9. Re1 Be7 10. h3 Nbd7 11. Bf1 Rc8 12. Bd2 O-O 13. Rc1 Qc7 14. Nd5 Nxd5 15.
exd5 Bxd5 16. c4 Be6 17. b3 Nf6 18. Bc3 Bf5 19. g4 Be4 20. Nd2 Bg6 21. Bg2 Qd7
22. Ne4 Nxe4 23. Bxe4 Bxe4 24. Rxe4 Qc6 25. Qe1 f5 26. gxf5 Rxf5 27. Rg4 Rcf8
28. Bd2 h5 29. Rg2 Bh4 30. Be3 Rf3 31. Rc2 R8f6 32. Qa5 Rxh3 33. Qd5+ Kh7 34.
Qd3+ g6 35. Qd5 Qxd5 36. cxd5 Rf7 37. Rc8 Rhf3 38. Rh2 Bf6 39. Kg2 Rf5 40. Rh1
Bg5 41. Bb6 e4 42. Re1 Bh4 43. Re2 Rxd5 44. Rxe4 Bxf2 45. Bxf2 Rd2 46. Ree8
Rdxf2+ 47. Kg3 R7f3+ 48. Kh4 Rh2+ 0-1

[Event "9th Sunway Sitges 2022"]
[Site "Sitges ESP"]
[Date "2022.12.12"]
[Round "1.93"]
[White "Krasteva, Beloslava"]
[Black "Follana Albelda, Lucia"]
[Result "1-0"]
[WhiteTitle "FM"]
[WhiteElo "2350"]
[BlackElo "1938"]
[WhiteFideId "2922029"]
[BlackFideId "24516937"]
[EventDate "2022.12.12"]

1. d4 Nf6 2. Nf3 e6 3. Bg5 d5 4. e3 Be7 5. Nbd2 b6 6. Ne5 Bb7 7. Bd3 O-O 8. Bxf6
Bxf6 9. f4 Ba6 10. Bxa6 Nxa6 11. Ndf3 c5 12. h4 Bxe5 13. fxe5 Nb4 14. c3 Nc6 15.
Ng5 Qe7 16. Qd3 g6 17. O-O h6 18. Nf3 Kg7 19. h5 Rac8 20. Rf2 Nb8 21. Raf1 Nd7
22. e4 dxe4 23. Qxe4 cxd4 24. cxd4 Rc4 25. hxg6 fxg6 26. Nh4 Qe8 27. Rxf8 Nxf8
28. Rf6 Rc1+ 29. Kh2 g5 30. Qg4 Rc2 31. d5 Qb8 32. Nf3 exd5 33. Qh5 Rc7 34. Rxh6
Qd8 35. Nxg5 Qe7 36. Rh7+ 1-0

[Event "9th Sunway Sitges 2022"]
[Site "Sitges ESP"]
[Date "2022.12.12"]
[Round "1.94"]
[White "Uber Gracia, Hugo"]
[Black "Meister, Peter"]
[Result "1/2-1/2"]
[BlackTitle "IM"]
[WhiteElo "1931"]
[BlackElo "2347"]
[WhiteFideId "54720079"]
[BlackFideId "4600207"]
[EventDate "2022.12.12"]

1. Nf3 d5 2. b3 c5 3. e3 Nc6 4. Bb5 Qc7 5. Bb2 a6 6. Bxc6+ Qxc6 7. d4 cxd4 8.
Nxd4 Qd6 9. Nd2 Nf6 10. h3 b6 11. Rc1 Bb7 12. c4 e6 13. Qe2 Be7 14. cxd5 Qxd5
15. N4f3 O-O 16. O-O Rac8 17. Nc4 Rc6 18. Rfd1 Qh5 19. Bd4 b5 20. Nce5 Rcc8 21.
Qb2 Rfd8 22. a4 Ne8 23. Qe2 f6 24. Ng4 Rxc1 25. Rxc1 Qd5 26. axb5 axb5 27. Qb2
b4 28. Qb1 e5 29. Bb6 Rd7 30. Qc2 Rd6 31. e4 Qxe4 32. Qxe4 Bxe4 33. Ba5 Ra6 34.
Rc8 Rxa5 35. Rxe8+ Kf7 36. Rb8 Ra1+ 37. Kh2 Bd5 38. Nd2 Ra2 39. Nc4 Bxc4 40.
bxc4 Rc2 41. Ne3 Rxf2 42. Nd5 Bf8 43. Rb7+ Ke6 44. Rb6+ Kd7 45. Rb7+ Kc8 46. Rf7
Bd6 47. c5 Bxc5 48. Rc7+ Kd8 49. Rxc5 b3 50. Rb5 Rd2 51. Nc3 Rd3 52. Rxb3 Kd7
53. Kg1 f5 54. Kf2 Ke6 55. Ra3 g5 56. Ra6+ Rd6 1/2-1/2